| 000 | 00695nam a22002177a 4500 | ||
|---|---|---|---|
| 003 | KOHA_MİRAKIL | ||
| 005 | 20260324121816.0 | ||
| 008 | 260324b tu ||||| |||| 00| 0 tur d | ||
| 020 | _a9786055416164 | ||
| 040 |
_aTR-AnABB _btur _cTR-AnABB |
||
| 041 | _atur | ||
| 082 |
_a818.993603 _bSAH 2017 |
||
| 100 | 1 | _aŞahtaxti, Sabir | |
| 245 | 1 | 0 |
_aAnadolu çırağı / _cSabir Şahtaxti ; çeviri: Metin Yıldırım, Narmin Zahidkızı |
| 260 |
_aİstanbul : _bEmre Yayınevi, _c2017 |
||
| 300 |
_a190 sayfa ; _c20 cm |
||
| 650 | 0 | 4 | _aAzeri edebiyatı, roman |
| 700 | 1 |
_aYıldırım, Metin, _eçeviren _93094 |
|
| 700 | 1 |
_aZahidkızı, Narmin, _eçeviren _93095 |
|
| 942 |
_2ddc _cBK |
||
| 999 |
_c10013 _d10013 |
||
| 900 | _bCan ÇELIK | ||